Mechanics Of Fluids \ (Record no. 586102)

000 -LEADER
fixed length control field 00408nam a22001457a 4500
020 ## - INTERNATIONAL STANDARD BOOK NUMBER
International Standard Book Number 9789386858122
040 ## - CATALOGING SOURCE
Transcribing agency NUST
082 ## - DEWEY DECIMAL CLASSIFICATION NUMBER
Classification number 620.106
Author Mark POT
100 ## - MAIN ENTRY--PERSONAL NAME
Personal name Potter, MErle C.
9 (RLIN) 3288
245 ## - TITLE STATEMENT
Title Mechanics Of Fluids \
Remainder of title Merle C. Potter, David C. Wiggert & Bassem H. Ramadan
250 ## - EDITION STATEMENT
Edition statement 5th Ed.
260 ## - PUBLICATION, DISTRIBUTION, ETC.
Place of publication, distribution, etc. India,
Name of publisher, distributor, etc. Cengage,
Date of publication, distribution, etc. 2017.
300 ## - PHYSICAL DESCRIPTION
Extent xix, 793p .;
Other physical details Paperback,
Dimensions 28 cm.
942 ## - ADDED ENTRY ELEMENTS (KOHA)
Source of classification or shelving scheme
Koha item type Book
Holdings
Withdrawn status Lost status Source of classification or shelving scheme Damaged status Not for loan Permanent Location Current Location Shelving location Date acquired Total Checkouts Full call number Barcode Date last seen Price effective from Koha item type
          School of Mechanical & Manufacturing Engineering (SMME) School of Mechanical & Manufacturing Engineering (SMME) General Stacks 08/04/2021   620.106 POT SMME-3627 08/04/2021 08/04/2021 Book
© 2023 Central Library, National University of Sciences and Technology. All Rights Reserved.